Realidad virtual (Registro nro. 357)
[ vista simple ]
| 000 -CABECERA | |
|---|---|
| campo de control de longitud fija | 00446aam a2200181 4500 |
| 005 - FECHA Y HORA DE ACTUALIZACIÓN | |
| campo de control | 20160506101158.0 |
| 008 - LONGITUD FIJA | |
| campo de control de longitud fija | 150724b xxu||||| |||| 00| 0 spa d |
| 041 ## - IDIOMA | |
| Código de idioma del texto/pista de sonido o título separado | |
| 082 ## - CLASIFICACIÓN DECIMAL DEWEY | |
| Número de clasificación | 004.54 |
| Número de documento/Ítem | C335r |
| 100 ## - AUTOR PERSONAL | |
| Nombre de persona | Casanova González, Miguel Angel |
| 245 ## - TÍTULO PROPIAMENTE DICHO | |
| Título | Realidad virtual |
| 260 ## - PIE DE IMPRENTA | |
| Lugar de publicación, distribución, etc. | ES |
| 260 ## - PIE DE IMPRENTA | |
| Nombre del editor, distribuidor, etc. | Ediciones Anaya Multimedia |
| 260 ## - PIE DE IMPRENTA | |
| Fecha de publicación, distribución, etc. | 1995 |
| 300 ## - DESCRIPCIÓN FÍSICA | |
| Extensión | 128 páginas |
| 650 ## - Materia General | |
| Materia general | REALIDAD VIRTUAL |
| 942 ## - Punto de Acceso Adicional Koha | |
| Tipo de ítem Koha | Libro |
| Estado perdido | Estado dañado | No para préstamo | Biblioteca permanente | Biblioteca actual | Signatura completa | Código de barras | Precio efectivo a partir del | Tipo de ítem |
|---|---|---|---|---|---|---|---|---|
| Departamento de Biblioteca y Documentación Alfonso Chase Brenes | Departamento de Biblioteca y Documentación Alfonso Chase Brenes | 004.54 C335r | 3088 | 06/05/2016 | Libro |